000 01301cam a22001934a 4500
005 20250605164125.0
008 250528s ||||||||||||||||||||||||d
035 _a18409
020 _a9601403310
040 _aGR-AtMCL
_bgre
_dGR-AtMCL
_eAACR2
245 1 _aΕυρώ το Νέο Νόμισμα
260 _bΝέα Σύνορα - Εκδοτικός Οργανισμός Λιβάνη,
_c2001
300 _a224
520 _aΤο παρόν βιβλίο φιλοδοξεί να παράσχει την ευκαιρία να διατυπωθούν ερωτήματα και να ευαίσθητοποιηθεί κάθε κλάδος και τομέας, καθώς και κάθε αρμόδιο φυσικό πρόσωπο να αρχίσει να ασχολείται με το σημαντικό αυτό θέμα. Πρόλογος, Εισαγωγή, Από τη Δραχμή στο Ευρώ, Οι Νομισματικές ''Ζώνες'', Η Προετοιμασία: Το Ευρώ και το Δημόσιο, Το Ευρώ και οι Επιχειρήσεις, Οι Ποροι, Οι Πολίτες, Το ''Αλαφαβητάρι'' του Ευρώ, Παραρτήματα.
700 1 _aΣταμπόγλης Διονύσιος
_94683
942 _cBK
999 _c3770
_d3770